Entraîneurs vainqueurs de la Ligue des Champions de Football - Statistiques

Statistiques générales
  • Ce quiz a été pris 303 fois
    207 depuis la dernière actualisation
  • Le résultat moyen est 18 sur 26
Statistiques - réponses
Réponse % Correct
Carlo Ancelotti
99%
Luis Enrique
99%
Pep Guardiola
99%
Zinédine Zidane
98%
Jürgen Klopp
93%
José Mourinho
91%
Thomas Tuchel
88%
Sir Alex Ferguson
77%
Hansi Flick
76%
Bayern Munich
71%
Chelsea
71%
FC Barcelone
71%
Paris Saint-Germain
71%
Real Madrid
71%
Liverpool
70%
Manchester City
70%
Inter Milan
68%
AC Milan
67%
Manchester United
66%
FC Porto
65%
Rafael Benítez
54%
Frank Rijkaard
47%
Jupp Heynckes
41%
Roberto Di Matteo
40%
Vicente del Bosque
40%
Ottmar Hitzfeld
12%
Aucun quiz correspondant
Distribution des résultats
% des personnes avec chaque résultat
Percentile par nombre de réponses
Votre historique - résultats
Vous n’avez pas pris ce quiz depuis la dernière actualisation